| 000 | 00365nam a2200157Ia 4500 | ||
|---|---|---|---|
| 003 | OSt | ||
| 005 | 20240123105904.0 | ||
| 008 | 170524s9999 xx 000 0 und d | ||
| 020 | _a978-8180693793 | ||
| 040 | _cIIMT UNIVERSITY | ||
| 100 | _aGautam-V | ||
| 100 | _c2007 | ||
| 245 | 0 | _aOrganisation Development System | |
| 260 | _aConcept Pub com. | ||
| 942 |
_2ddc _c01 |
||
| 999 |
_c2339 _d2339 |
||